Catalog

Record Details

Catalog Search



Available copies

  • 2 of 2 copies available at LARL/NWRL Consortium.

Current holds

0 current holds with 2 total copies.

Show All Copies
Location Call Number / Copy Notes Barcode Shelving Location Status Due Date
Red Lake Falls Public Library 811 LON (Text) 35500001370038 Main Available -
Roseau Public Library 811 LON (Text) 35500001313749 Main Available -

Record details

  • Physical Description: 689 p. front. (port.) 22 cm.
  • Edition: Cambridge ed.
  • Publisher: Boston, Houghton, Mifflin and Co. c1922

Content descriptions

General Note:
Title vignette, engraved.
LDR 00893cam a2200229I 4500
0012726
003LARL_NWRL_CONSORTIUM
00519860731193134.0
008770131s1922 mau 000 0 eng d
035 . ‡a(OCoLC)2711968
092 . ‡a811 ‡bL85-s
092 . ‡a811 ‡bL
1001 . ‡aLongfellow, Henry Wadsworth, ‡d1807-1882. ‡0(LARL_NWRL_CONSORTIUM)57243
24514. ‡aThe complete poetical works.
250 . ‡aCambridge ed.
260 . ‡aBoston, ‡bHoughton, Mifflin and Co. ‡cc1922
300 . ‡a689 p. ‡bfront. (port.) ‡c22 cm.
4900 . ‡aCambridge edition of poets, ed. by H.E. Scudder
500 . ‡aTitle vignette, engraved.
901 . ‡a2726 ‡bOCLC ‡c2726 ‡tbiblio

Additional Resources